00526nam a2200181 i 450000100060000000300090000600500170001500700030003200800410003504000130007610000400008924500680012926000300019730000290022765000220025670000290027885200370030796544ES-MaACL20251013063106.0t|050627s1977 sp ||||1| spa d cES-MaACL1 aMalatesta, Errico, d1853-1932eaut10aIdeario / cErrico Malatesta; versión José María Olleros. aMadrid : bDogal, c1977. a130 páginas ; c21 cm. 72embneaAnarquismo1 aOlleros, José María. aES-MaACLjA-8062 bR.97323cSPP1